| 000 | 00923cab a2200181 4500 | ||
|---|---|---|---|
| 001 | ##L133283 | ||
| 008 | 060426n2006 000 0 eng u | ||
| 035 | _a(Sirsi) u133283 | ||
| 041 | 0 | _aeng | |
| 100 | 1 | _aPopovec, Jennifer | |
| 245 | 0 | 0 | _aGlobal CMBS warming |
| 260 | _c2006 | ||
| 490 | 0 |
_aNational Real Estate Investor _v47(10) 2005, 41-48(5) |
|
| 520 | _aWhile the commercial mortgaged backed securities market has flourished in the United States, securitisation in Europe and Asia is still in its infancy stage. Nevertheless, investors and borrowers in several countries are beginning to realise its potential, such as liquidity, higher yields and favourable financing rates. But a perceived lack of transparency or financial disclosure is threatening to curb this new-found enthusiasm. | ||
| 590 | _aIKA090506 | ||
| 690 | _aPROPERTY-COMMERCIAL PROPERTY-COMMERCIAL PROPERTY FINANCE AND INVESTMENT | ||
| 942 | _n0 | ||
| 999 |
_c76907 _d76907 |
||